000 00459nam a22001697a 4500
005 20260421141236.0
008 260421b |||||||| |||| 00| 0 eng d
020 _qhbk
082 _a348.7323 UNI.15
245 _aUnited states code service:commerce and trade 1114-1150 title 15 USCS
250 _aLawyers
260 _acharlottesville:
_bLexisNexis,
_c2006.
300 _axxx,842p.
_c;24cm.
650 _aCommerce
650 _aTrade
942 _cENGLISH
999 _c619672
_d619672